On This Day: October 12th II Quiz Stats

 Plays Quiz Updated Oct 12, 2018

Score 0/7 Timer 03:00
0 Plays Today
Question Answer Wrong Answers
The Bavarian royalty invites the citizens of Munich to join in the marriage celebration of Prince Ludwig and Princess Therese, considered the first ______.
1810
Oktoberfest
95.2%
Tomatina
1.3%
Barthelmarkt
1.9%
Maslenitsa
1.5%
This rock opera with music by Andrew Lloyd Webber, which is loosely based on the last week of Jesus's life, debuts on Broadway.
1971
Jesus Christ Superstar
91.5%
Joseph and the Amazing Technicolor Dreamcoat
4.6%
The Last Temptation of Christ
2.4%
The Last Days of Judas Iscariot
0.4%
The 2,500 year celebration of the Persian Empire is held in this country.
1971
Iran
82.4%
Egypt
2.9%
Saudi Arabia
3.6%
Turkey
9.6%
After accusations of colonial policy being conducted in Eastern Europe, this Soviet leader famously pounds his shoe on a desk at a United Nations General Assembly meeting in protest.
1960
Nikita Khrushchev
82.3%
Joseph Stalin
6.3%
Mikhail Gorbachev
5.6%
Boris Yeltsin
4.9%
The United States announces its decision to withdraw from this specialized agency of the UN, whose goal is to promote collaboration through educational, scientific, and cultural reforms.
2017
UNESCO
67.2%
UNICEF
18.4%
ICRC
8.4%
OXFAM
4.1%
The former Autonomous Soviet Republic of Abkhazia declares its independence from ______.
1999
Georgia
43.4%
Poland
3.2%
Afghanistan
10.1%
Kazakhstan
41.6%
Pedro I is proclaimed emperor of the newly founded Empire of ______.
1822
Brazil
39%
Spain
13.4%
Mexico
29.2%
Portugal
18.1%

You're not logged in!

Compare scores with friends on all Sporcle quizzes.
OR
Log In

Sporcle TV

Today on Sporcle TV


Watch our educational content, quiz creation guides, and fun videos on Sporcle TV.

Show Comments

Extras

Top Quizzes Today


Score Distribution

Your Account Isn't Verified!

In order to create a playlist on Sporcle, you need to verify the email address you used during registration. Go to your Sporcle Settings to finish the process.

Report this User

Report this user for behavior that violates our Community Guidelines.

Details: